000
00225nam a22000857a 4500
008
160719b xxu||||| |||| 00| 0 eng d
100
_9
3061
_a
White, R
245
_a
How Computers Work
260
_a
California
_b
Ziff Publication
_c
1993
999
_c
2624
_d
2624